000 00656nam a2200217 a 4500
001 274
005 20221127085911.0
008 050920s lxxua 00100 eng d
020 _a0131271997 :
_cSR152.00
035 _a287
082 0 4 _a658
_bEb39 2004
100 1 _aEbert, Ronald J.
245 1 0 _aBusiness essentials /
_cRonald J. Ebert, Ricky Griffin.
250 _a5th ed.
260 _aUpper Saddle River, NJ :
_bPrentice Hall,
_c2004.
300 _axxxiii, 558 p. :
_bill. ;
_c28 cm.
504 _aIncludes bibl. references and index.
650 4 _aIndustrial management.
650 4 _aBusiness enterprises.
700 1 _aGriffin, Ricky W.,
_ejt. auth.
999 _c274
_d274